Mel cuore del deserto libico (Record no. 56305)

MARC details
000 -LEADER
campo de control de longitud fija 00509nam a2200157 i 4500
001 - NÚMERO DE CONTROL
campo de control 56305
003 - IDENTIFICADOR DE NÚMERO DE CONTROL
campo de control ES-MaACL
005 - FECHA Y HORA DE LA ÚLTIMA TRANSACCIÓN
campo de control 20230906163328.0
007 - CAMPO FIJO DE DESCRIPCIÓN FÍSICA--INFORMACIÓN GENERAL
campo de control de longitud fija t|
008 - DATOS DE LONGITUD FIJA--INFORMACIÓN GENERAL
campo de control de longitud fija 031007s1934 it ||||1| ita d
100 1# - ENTRADA PRINCIPAL--NOMBRE DE PERSONA
Nombre de persona Caporiacco, Ludovico di.
9 (RLIN) 34882
245 10 - MENCIÓN DEL TÍTULO
Título Mel cuore del deserto libico
Resto del título : a cufra : el auenat et oltre con la spedizione marchesi /
Mención de responsabilidad, etc. Ludovico di Caporiacco.
260 ## - PUBLICACIÓN, DISTRIBUCIÓN, ETC.
Lugar de publicación, distribución, etc. Firenze :
Nombre del editor, distribuidor, etc. [s.n.,
Fecha de publicación, distribución, etc. 1934] (
Fabricante Fratelli Parenti di G.)
300 ## - DESCRIPCIÓN FÍSICA
Extensión 150 p. ;
Dimensiones 23 cm.
852 ## - LOCALIZACIÓN
Ubicación ES-MaACL
Número de control de estantería A-3675
Holdings
Estatus retirado Estado de pérdida Estado de daño No para préstamo Biblioteca de origen Biblioteca actual Ubicación en estantería Fecha de adquisición Fuente de adquisición Total de préstamos Signatura topográfica completa Código de barras Visto por última vez Precio de reemplazo Tipo de ítem Koha
        Biblioteca del Ateneo de Madrid Biblioteca del Ateneo de Madrid Sala Pecera Planta 1 17/01/2008     A-3675 1059139 23/02/2023 23/02/2023 Libro impreso